000
00275nam a2200097Ia 4500
001
810293
005
20250826171518.0
008
250824s9999 xx 000 0 und d
245
0
_a
KAPTAN DÜŞÜK DON TUHAF ROBOT SÜMÜKLERİN İNTİKAMI
_c
DAV PILKEY
260
_b
ALTIN YAYINLARI
999
_c
810293
_d
810293